000 00668nam a22002052 4500
001 0000011923
005 20151217155848.0
008 090121s xx 000 0 eng d
040 _aKABU
_cKABU
100 1 _aBurton, Richard Francis.
_@0000149408
245 1 0 _aZanzibar :
_bcity, island and coast /
_cRichard Francis Burton.
250 _a1st ed.
260 _aLondon :
_bTinsley Brothers,
_c1872.
300 _a2 v.
651 0 _aZanzibar
_xHistory.
_@0000148679
852 1 _9p500 KES
852 1 _9p500 KES
908 _a090121
950 _@1
999 _c13414
_d13414